Особливості розслідування і розгляду у суді кримінальних справ щодо вбивств новонароджених дітей (Запис № 458811)

МАРК-запис
000 -Лідер
fixed length control field 04317nam a22002657a 4500
001 - Контрольний номер
control field 5150503
003 - Ідентифікатор контрольного номера
control field UA-OsUOA
005 - Дата та час останнього входження (трансакції)
control field 20201109125645.0
008 - Елементи даних фіксованої довжини – загальна інформація
fixed length control field 200409b un ||||| m||| 00| 0 ukr d
040 ## - Джерело каталогізації
Агенція оригінальної каталогізації UA-OsUOA
Мова каталогізації ukr
Агенція, яка здійснювала перезапис UA-OsUOA
Агенція, яка здійснювала модифікацію UA-OsUOA
041 ## - Код мови
Код мови тексту/ звукової доріжки чи окремого заголовка (П) ukr
080 ## - Індекс Універсальної десяткової класифікації
Індекс Універсальної десяткової класифікації (УДК) (НП) 343.985(477)
090 ## - Локальний шифр розміщення
Класифікаційний індекс УДК 343.985(477)
095 ## - Код спеціальності для авторефератів
Код спеціальності 12.00.09
Назва спеціальності кримінальний процес та криміналістика; судова експертиза; оперативно-розшукова діяльність
100 ## - Основне введення – ім’я особи
Ім’я особи (НП) Федорова О. Ф.
245 ## - Відомості про назву
Назва (НП) Особливості розслідування і розгляду у суді кримінальних справ щодо вбивств новонароджених дітей
Дані про відповідальність (НП) Федорова Оксана Федорівна ; наук. керівник Волобуєв Анатолій Федотович
260 ## - Публікація, розповсюдження і т.п. (Вихідні дані)
Місце публікації, розповсюдження і т.п. (П) Донецьк
Дата публікації, розповсюдження і т.п. (П) 2014
300 ## - Фізичний опис
Обсяг 20 с.
502 ## - Примітка про дисертацію
Зв'язок Автореферат дисертації на здобуття наукового ступеня кандидата юридичних наук<br/>
Наймення інституції, що представляється Донецький юридичний інститут
Рік отримання вченого ступеня 2014
520 ## - Резюме і т.п.
Резюме, реферат, анотація, тощо (НП) Дисертація є комплексним монографічним дослідженням особливостей розслідування вбивств новонароджених дітей і судового розгляду. На основі узагальнення матеріалів кримінальних справ та аналізу наукових праць відзначається, що вбивства новонароджених дітей є окремою групою вбивств у зв’язку із специфічним механізмом вчинення та доказування обставин цього злочину під час досудового розслідування і судового розгляду. Ця специфіка знаходить відображення в елементах криміналістичної характеристики цього різновиду злочинів: жертви злочину, якою є новонароджена дитина; особи злочинця, яким може бути як жінка-породілля, так й інші особи; просторово-часових факторах; способах вбивств немовлят і характерних слідах.<br/>В дисертації визначені особливості досудового розслідування вбивств новонароджених дітей, які проявляються в характері вирішуваних завдань в певних ситуаціях на початковому і наступному етапах розслідування і засобах їх вирішення — тактичних операціях, як комплексах слідчих і розшукових дій. На основі аналізу положень КПК України 2012 р. розглянуті особливості тактики проведення окремих слідчих (розшукових) дій: огляду місця події, обшуку, допитів, експертиз.<br/>Визначені особливості планування та організації судового розгляду справ про вбивства новонароджених дітей, послідовність у проведенні судових дій (допитів обвинувачених, потерпілих, свідків та експертів, призначенні експертиз). Звертається увага на особливості доказування у судовому засіданні психоемоційного стану жінки-породіллі під час пологів і після них.
650 ## - Додаткове предметне введення – тематичний термін
Джерело заголовка чи терміна UDC
Тематичний термін чи географічна назва, як елемент введення (НП) 343 Кримінальне право. Карні порушення
942 ## - Додаткові елементи входу (Коха)
Source of classification or shelving scheme Universal Decimal Classification
Тип елемента Koha Автореферат
955 ## - Код типу видання за змістом
Код типу видання за змістом (НП) Наукові видання

Немає доступних примірників.